书目信息 |
| 题名: |
劳动教育教程
|
|
| 作者: | 杨明家 , 王瀚 , 黄文灵 主编 | |
| 分册: | ||
| 出版信息: | 北京 北京邮电大学出版社 2020.08 |
|
| 页数: | 159页 | |
| 开本: | 26cm | |
| 丛书名: | ||
| 单 册: | ||
| 中图分类: | G40-015 | |
| 科图分类: | ||
| 主题词: | 劳动教育--lao dong jiao yu--中等专业学校--教材 | |
| 电子资源: | ||
| ISBN: | 978-7-5635-6192-6 | |
| 000 | 01257nam0 2200253 450 | |
| 001 | 0109110036 | |
| 005 | 20201109110332.0 | |
| 010 | @a978-7-5635-6192-6@dCNY32.00 | |
| 100 | @a20200821d2020 em y0chiy0110 ea | |
| 101 | 0 | @achi |
| 102 | @aCN@b110000 | |
| 105 | @ay z 000yy | |
| 106 | @ar | |
| 200 | 1 | @a劳动教育教程@Alao dong jiao yu jiao cheng@f杨明家, 王瀚, 黄文灵主编 |
| 210 | @a北京@c北京邮电大学出版社@d2020.08 | |
| 215 | @a159页@d26cm | |
| 330 | @a为深入贯彻习近平总书记关于教育的重要论述,全面贯彻党的教育方针,落实《中共中央国务院关于全面加强新时代大中小学劳动教育的意见》,加快构建德智体美劳全面培养的教育体系。我们根据教育部印发的《大中小学劳动教育指导纲要(试行)》(以下简称《指导纲要》)编写了本书。本书主要面向学校,重点针对劳动教育是什么、教什么、怎么教等问题,细化有关要求,加强专业指导。本书共分为2个部分,十个章节。主要内容包括劳动概述、劳动教育观、劳模和劳模精神、劳动教育课组织、劳动教育课安全、垃圾分类、校园劳动、居家劳动、义务劳动、勤工助学。 | |
| 606 | 0 | @a劳动教育@Alao dong jiao yu@x中等专业学校@j教材 |
| 690 | @aG40-015@v5 | |
| 701 | 0 | @a杨明家@Ayang ming jia@4主编 |
| 701 | 0 | @a王瀚@Awang han@4主编 |
| 701 | 0 | @a黄文灵@Ahuang wen ling@4主编 |
| 801 | 0 | @aCN@bBJSZM@c20201103 |
| 905 | @b1264756-60@dG40-015@e1178@f5 | |
| 劳动教育教程/杨明家, 王瀚, 黄文灵主编.-北京:北京邮电大学出版社,2020.08 |
| 159页;26cm |
| ISBN 978-7-5635-6192-6:CNY32.00 |
| 为深入贯彻习近平总书记关于教育的重要论述,全面贯彻党的教育方针,落实《中共中央国务院关于全面加强新时代大中小学劳动教育的意见》,加快构建德智体美劳全面培养的教育体系。我们根据教育部印发的《大中小学劳动教育指导纲要(试行)》(以下简称《指导纲要》)编写了本书。本书主要面向学校,重点针对劳动教育是什么、教什么、怎么教等问题,细化有关要求,加强专业指导。本书共分为2个部分,十个章节。主要内容包括劳动概述、劳动教育观、劳模和劳模精神、劳动教育课组织、劳动教育课安全、垃圾分类、校园劳动、居家劳动、义务劳动、勤工助学。 |
| ● |
| 相关链接 |
|
|
|
|
正题名:劳动教育教程
索取号:G40-015/1178
 
预约/预借
| 序号 | 登录号 | 条形码 | 馆藏地/架位号 | 状态 | 备注 |
| 1 | 1264756 | 212647563 | 第一样本阅览室/ [索取号:G40-015/1178] | 在馆 | |
| 2 | 1264757 | 212647572 | 教育系资料室/ [索取号:G40-015/1178] | 在馆 | |
| 3 | 1264758 | 212647581 | 教育系资料室/ [索取号:G40-015/1178] | 在馆 | |
| 4 | 1264759 | 212647590 | 第四借阅区/ [索取号:G40-015/1178] | 在馆 | |
| 5 | 1264760 | 212647607 | 第四借阅区/ [索取号:G40-015/1178] | 在馆 |